Performance of certain wild Hevea accessions in the early phase of further evaluation (Record no. 51676)

MARC details
000 -LEADER
fixed length control field 00466nam a2200169Ia 4500
100 ## - MAIN ENTRY--AUTHOR NAME
Personal name Reghu C.P.
245 #0 - TITLE STATEMENT
Title Performance of certain wild Hevea accessions in the early phase of further evaluation
260 ## - PUBLICATION, DISTRIBUTION, ETC. (IMPRINT)
Name of publisher Natural Rubber Research
Year of publication 2004
300 ## - PHYSICAL DESCRIPTION
Number of Pages 103-107
650 ## - SUBJECT ADDED ENTRY--TOPICAL TERM
Topical Term Bark anatomy
650 ## - SUBJECT ADDED ENTRY--TOPICAL TERM
Topical Term Germplasm
700 ## - ADDED ENTRY--PERSONAL NAME
Personal name Abraham S.T.
700 ## - ADDED ENTRY--PERSONAL NAME
Personal name Nair R.B.
700 ## - ADDED ENTRY--PERSONAL NAME
Personal name Varghese Y.A.
942 ## - ADDED ENTRY ELEMENTS (KOHA)
Koha item type Bibliography STAF
Holdings
Withdrawn status Lost status Damaged status Not for loan Home library Current library Date acquired Serial Enumeration / chronology Koha item type
      Bibliography RRII Library RRII Library 09/04/2014 Volume 17, Issue 2 Bibliography STAF